Normal view
MARC view
- Urologic Diseases
Entry Topical Term
001 - CONTROL NUMBER
- control field: 126543
003 - CONTROL NUMBER IDENTIFIER
- control field: NUST
005 - DATE AND TIME OF LATEST TRANSACTION
- control field: 20241029095354.0
008 - FIXED-LENGTH DATA ELEMENTS
- fixed length control field: 241029|| aca||aabn | a|a d
040 ## - CATALOGING SOURCE
- Original cataloging agency: NUST
- Transcribing agency: NUST
150 ## - HEADING--TOPICAL TERM
- Topical term or geographic name entry element: Urologic Diseases
670 ## - SOURCE DATA FOUND
- Source citation: Work cat.: (NUST)0: Smith & Tanagho's general urology /
